[Event "L. Polugaevsky Memorial 2012"]
[Site "Samara"]
[Date "2012.07.10"]
[Round "6.42"]
[White "Kalashnikova, Elena"]
[Black "Popelyshev, Igor V"]
[Result "0-1"]
[WhiteElo "1706"]
[BlackElo "2095"]
[PlyCount "68"]
[EventDate "2012.07.05"]

1. e4 Nf6 2. Nc3 e5 3. Nf3 Nc6 4. Bb5 Bb4 5. O-O d6 6. Re1 O-O 7. Bxc6 bxc6 8.
h3 h6 9. a3 Ba5 10. b4 Bb6 11. Na4 a5 12. Nxb6 cxb6 13. Bb2 c5 14. c3 Bb7 15.
d3 Qc7 16. Nd2 axb4 17. cxb4 Rfe8 18. Rc1 d5 19. bxc5 bxc5 20. Nb3 dxe4 21.
Nxc5 exd3 22. Nxd3 Qb6 23. Bxe5 Rxa3 24. Rb1 Qc6 25. f3 Ba6 26. Nb4 Qc5+ 27.
Qd4 Rxe5 28. Qxc5 Rxc5 29. Nxa6 Rxa6 30. Rb7 Rc2 31. Ree7 Raa2 32. Rxf7 Rxg2+
33. Kf1 Nh5 34. Ke1 Rg1# 0-1

[Event "L. Polugaevsky Memorial 2012"]
[Site "Samara"]
[Date "2012.07.10"]
[Round "6.44"]
[White "Maslova, Polina"]
[Black "Gusev, Boris A"]
[Result "1-0"]
[WhiteElo "1824"]
[BlackElo "1956"]
[PlyCount "147"]
[EventDate "2012.07.05"]

1. e4 e5 2. Nf3 Nf6 3. Nxe5 Qe7 4. d4 d6 5. Nf3 Nxe4 6. Be2 Qd8 7. O-O Be7 8.
Bd3 Nf6 9. c4 Bg4 10. h3 Bh5 11. Nc3 O-O 12. Re1 Nc6 13. Be2 Re8 14. d5 Bxf3
15. Bxf3 Ne5 16. Be2 h6 17. Bf1 Bf8 18. Bf4 Ng6 19. Qd2 Qd7 20. Bh2 a6 21. b4
Nh4 22. Qf4 Ng6 23. Qd4 b6 24. Bd3 Re7 25. Re2 Rae8 26. Rae1 Rxe2 27. Rxe2 Rxe2
28. Bxe2 Qe8 29. Kf1 Nd7 30. a3 Nde5 31. Qe3 Qd7 32. f4 Qf5 33. g4 Nxc4 34.
Bxc4 Qc2 35. Bg3 Qb2 36. Nd1 Qa1 37. Be2 Ne7 38. Qd3 b5 39. Bh4 Ng6 40. Bg3 Ne7
41. f5 g5 42. fxg6 Nxg6 43. Kg2 Bg7 44. h4 Qa2 45. Kf1 Qa1 46. Kg2 Be5 47. g5
Bxg3 48. Qxg3 hxg5 49. Qxg5 Qg7 50. Kf1 f6 51. Qg3 Qh6 52. h5 Qf4+ 53. Qxf4
Nxf4 54. Ne3 Kh7 55. Bf3 Kh6 56. Nf5+ Kg5 57. Ne7 Nd3 58. Nc6 Ne5 59. Be2 Nc4
60. Bxc4 bxc4 61. Nb8 c3 62. Ke2 Kxh5 63. Nc6 f5 64. Nd4 Kg4 65. Kd3 f4 66.
Kxc3 f3 67. Kd3 Kg3 68. Nf5+ Kf4 69. Ne3 Ke5 70. a4 Kf4 71. a5 Ke5 72. b5 f2
73. bxa6 f1=Q+ 74. Nxf1 1-0

[Event "L. Polugaevsky Memorial 2012"]
[Site "Samara"]
[Date "2012.07.10"]
[Round "6.45"]
[White "Chekalkina, Viktoria"]
[Black "Shur, Tatiana"]
[Result "0-1"]
[WhiteElo "1834"]
[BlackElo "1794"]
[PlyCount "48"]
[EventDate "2012.07.05"]

1. f4 d5 2. Nf3 c5 3. b3 Nc6 4. Bb2 Bg4 5. e3 e6 6. Bb5 Nf6 7. d3 Qa5+ 8. Nc3
d4 9. Bxc6+ bxc6 10. Qd2 Bxf3 11. gxf3 dxc3 12. Bxc3 Qd8 13. Ba5 Qd7 14. Rg1
Nd5 15. e4 Nb4 16. a3 Na6 17. Bc3 f6 18. Qe2 Nc7 19. O-O-O Nb5 20. Ba5 Qd4 21.
a4 Nc3 22. Bxc3 Qxc3 23. d4 cxd4 24. Qa6 Ba3+ 0-1

[Event "L. Polugaevsky Memorial 2012"]
[Site "Samara"]
[Date "2012.07.10"]
[Round "6.46"]
[White "Orekhov, Vladislav"]
[Black "Rumyantsev, Nikolay"]
[Result "1-0"]
[WhiteElo "1792"]
[BlackElo "1742"]
[PlyCount "91"]
[EventDate "2012.07.05"]

1. e4 e5 2. Nf3 Nc6 3. Bb5 Nd4 4. Nxd4 exd4 5. O-O a6 6. Bc4 b5 7. Bxf7+ Ke7 8.
d3 Nf6 9. Bb3 d6 10. Bg5 Qe8 11. Qf3 Bb7 12. Qg3 h6 13. e5 hxg5 14. exf6+ Kxf6
15. Qg4 Rh4 16. Qd1 Qc6 17. f3 Be7 18. Qe1 Qd7 19. Nd2 d5 20. f4 Kg6 21. Nf3
Qd6 22. Nxh4+ gxh4 23. Qe2 Bf6 24. Rae1 Rd8 25. Qg4+ Kf7 26. Re2 Rh8 27. Rfe1
Bc8 28. f5 Rh6 29. Qf3 c6 30. c4 bxc4 31. dxc4 Rh8 32. cxd5 c5 33. Ba4 Bd7 34.
Bxd7 Qxd7 35. Re6 Qb5 36. Qf4 Rd8 37. Qg4 Qd7 38. Qh5+ Kf8 39. Qh8+ Kf7 40.
Qh5+ Kf8 41. d6 c4 42. Re7 Bxe7 43. Rxe7 Qxe7 44. dxe7+ Kxe7 45. Qxh4+ Ke8 46.
Kf1 1-0

[Event "L. Polugaevsky Memorial 2012"]
[Site "Samara"]
[Date "2012.07.10"]
[Round "6.47"]
[White "Velichko, Artemy"]
[Black "Kiryushova, Dariya"]
[Result "1-0"]
[WhiteElo "1761"]
[BlackElo "1617"]
[PlyCount "89"]
[EventDate "2012.07.05"]

1. d4 d5 2. c4 e6 3. Nc3 Nf6 4. cxd5 exd5 5. Bg5 Nbd7 6. e3 Be7 7. Bd3 c6 8.
Nge2 O-O 9. O-O Re8 10. Rb1 Nf8 11. b4 h6 12. Bh4 Ng6 13. Bg3 Bd6 14. Qc2 Ne7
15. b5 a6 16. bxa6 bxa6 17. Na4 Bxg3 18. Nxg3 Qc7 19. Rfc1 a5 20. Nf5 Bxf5 21.
Bxf5 Nxf5 22. Qxf5 Re6 23. Nc5 Ree8 24. Rb7 Qc8 25. Qxc8 Raxc8 26. Nd3 Ne4 27.
Ra7 Nd6 28. Rxa5 Nc4 29. Ra6 Ra8 30. Rxc6 Rxa2 31. Nb4 Ra5 32. Nxd5 Ne5 33.
R6c5 Rxc5 34. Rxc5 Ra8 35. Ne7+ Kf8 36. Rc8+ Rxc8 37. Nxc8 Nc6 38. Nd6 Ke7 39.
Nc4 Nd8 40. Kf1 Ke6 41. Ke2 Kd5 42. Kd3 f5 43. f3 Ne6 44. e4+ fxe4+ 45. fxe4+
1-0

[Event "L. Polugaevsky Memorial 2012"]
[Site "Samara"]
[Date "2012.07.10"]
[Round "6.48"]
[White "Vdovin, Maxim"]
[Black "Zernov, Egor"]
[Result "1-0"]
[WhiteElo "1752"]
[BlackElo "1498"]
[PlyCount "129"]
[EventDate "2012.07.05"]

1. e4 c5 2. d4 cxd4 3. c3 dxc3 4. Nxc3 Nc6 5. Nf3 g6 6. h4 Bg7 7. h5 Nf6 8. h6
Bf8 9. Bc4 d6 10. e5 dxe5 11. Qxd8+ Kxd8 12. Ng5 Nd4 13. Nxf7+ Kc7 14. Nxh8
Nc2+ 15. Kd1 Nxa1 16. Be3 Bf5 17. Nb5+ Kc6 18. Nf7 Ng4 19. Na3 e6 20. Be2 Bxa3
21. bxa3 Nxe3+ 22. fxe3 Nc2 23. Nxe5+ Kd5 24. Nc4 b5 25. Bf3+ Be4 26. Bxe4+
Kxe4 27. Rh4+ Kd3 28. Ne5+ Kc3 29. Rh3 Rd8+ 30. Kc1 Rc8 31. Kd1 Kb2 32. Nf7
Kxa2 33. Ng5 Rc7 34. Nxe6 Re7 35. Kxc2 Rxe6 36. Rf3 Kxa3 37. Rf7 Ra6 38. Rxh7
b4 39. Rb7 Rc6+ 40. Kb1 Rc8 41. Rxa7+ Kb3 42. h7 Rd8 43. Kc1 Rc8+ 44. Kd1 Rd8+
45. Ke2 Kc2 46. Rc7+ Kb3 47. Kf3 Ka2 48. Ra7+ Kb3 49. Kg4 Kc2 50. Kg5 b3 51.
Rc7+ Kd3 52. Rb7 Kc2 53. Kxg6 b2 54. Kg7 b1=Q 55. Rxb1 Rd7+ 56. Kg6 Rd6+ 57.
Kf5 Rh6 58. Rb7 Kd3 59. Kg5 Rh2 60. g4 Kxe3 61. Kg6 Rh4 62. g5 Kf4 63. Kg7 Rh5
64. h8=Q Rxg5+ 65. Kf7 1-0

[Event "L. Polugaevsky Memorial 2012"]
[Site "Samara"]
[Date "2012.07.11"]
[Round "7.1"]
[White "Fedorov, Alexei"]
[Black "Kovalenko, Igor"]
[Result "0-1"]
[WhiteElo "2562"]
[BlackElo "2556"]
[PlyCount "58"]
[EventDate "2012.07.05"]

1. e4 Nf6 2. d3 e5 3. Nf3 Nc6 4. Be2 d5 5. Nbd2 Be7 6. O-O O-O 7. b3 Re8 8. Bb2
Bf8 9. Re1 a5 10. a3 d4 11. g3 g6 12. Nh4 a4 13. Ng2 Na7 14. f4 exf4 15. Nxf4
Nb5 16. b4 c5 17. bxc5 Bxc5 18. Kg2 Ra6 19. Bf3 h5 20. Nc4 h4 21. e5 g5 22.
exf6 gxf4 23. Rxe8+ Qxe8 24. Be4 Qd7 25. Qh5 Qh3+ 26. Kf3 hxg3 27. Qg5+ Kf8 28.
Qxc5+ Rd6 29. Bxd4 Nxd4+ 0-1

[Event "L. Polugaevsky Memorial 2012"]
[Site "Samara"]
[Date "2012.07.11"]
[Round "7.3"]
[White "Kabanov, Nikolai"]
[Black "Maletin, Pavel"]
[Result "1-0"]
[WhiteElo "2496"]
[BlackElo "2596"]
[PlyCount "87"]
[EventDate "2012.07.05"]

1. e4 c5 2. Nf3 e6 3. c3 b6 4. d4 Bb7 5. Bd3 d5 6. e5 a5 7. O-O Ba6 8. Bxa6
Nxa6 9. c4 cxd4 10. Qa4+ Qd7 11. Qxd7+ Kxd7 12. cxd5 exd5 13. Nxd4 Bc5 14. Rd1
Bxd4 15. Rxd4 Nb4 16. Nc3 Ne7 17. Rd1 Ke6 18. Bg5 Nbc6 19. f4 f6 20. exf6 gxf6
21. Bh4 Rhd8 22. Bf2 Rab8 23. Nb5 Rd7 24. Rac1 Kf7 25. Rd2 Na7 26. Nd4 Rc8 27.
Rdc2 Rxc2 28. Rxc2 Nac8 29. g4 Nd6 30. Kg2 Ne4 31. Be3 Nd6 32. Kf3 a4 33. Bd2
Ne8 34. Bb4 Rc7 35. Rxc7 Nxc7 36. Bxe7 Kxe7 37. Ke3 Ne8 38. Nb5 Kd7 39. Nc3 Kc6
40. Nxa4 Nd6 41. Kd4 b5 42. Nc5 Nc4 43. Nd3 Kd6 44. Nb4 1-0

[Event "L. Polugaevsky Memorial 2012"]
[Site "Samara"]
[Date "2012.07.11"]
[Round "7.4"]
[White "Yemelin, Vasily"]
[Black "Nakhapetiane, Pogos"]
[Result "1/2-1/2"]
[WhiteElo "2577"]
[BlackElo "2497"]
[PlyCount "103"]
[EventDate "2012.07.05"]

1. e4 e6 2. d4 d5 3. Nc3 Nf6 4. e5 Nfd7 5. f4 c5 6. Nf3 Nc6 7. Be3 cxd4 8. Nxd4
Bc5 9. Qd2 a6 10. O-O-O O-O 11. Qf2 Qe7 12. Kb1 Nxd4 13. Bxd4 b5 14. Bd3 Bxd4
15. Qxd4 Qc5 16. Ne2 b4 17. Rc1 Rb8 18. Rhd1 a5 19. c4 Bb7 20. cxd5 Qxd5 21.
Rc7 Qxd4 22. Nxd4 Nb6 23. Nc6 Nd5 24. Nxb8 Nxc7 25. Nd7 Rd8 26. Nc5 Bd5 27. g3
Na8 28. b3 Nb6 29. Kb2 Kf8 30. a3 bxa3+ 31. Kxa3 Rc8 32. Rc1 Ke7 33. Kb2 h6 34.
Na4 Nxa4+ 35. bxa4 Rxc1 36. Kxc1 Kd7 37. Kd2 Kc6 38. Kc3 Kc5 39. Bb5 f6 40.
exf6 gxf6 41. g4 e5 42. fxe5 fxe5 43. h4 Kd6 44. Bc4 Bf3 45. g5 hxg5 46. hxg5
Ke7 47. Bb3 Kf8 48. Kc4 Kg7 49. Bc2 Bc6 50. Kc5 Bxa4 51. Bxa4 Kg6 52. Kd5
1/2-1/2

[Event "L. Polugaevsky Memorial 2012"]
[Site "Samara"]
[Date "2012.07.11"]
[Round "7.6"]
[White "Artamonov, Valery"]
[Black "Goganov, Aleksey"]
[Result "0-1"]
[WhiteElo "2211"]
[BlackElo "2509"]
[PlyCount "130"]
[EventDate "2012.07.05"]

1. c4 Nf6 2. g3 c6 3. Nf3 d5 4. Qa4 Nbd7 5. cxd5 cxd5 6. Nc3 e6 7. d3 Be7 8.
Bf4 O-O 9. Bg2 a6 10. O-O b5 11. Qc2 Bb7 12. Rfc1 Rc8 13. Qd1 Re8 14. a4 b4 15.
Na2 Qa5 16. Bd2 Qb6 17. Qe1 a5 18. Be3 Bc5 19. d4 Bf8 20. Ne5 Rcd8 21. Qd1 Nxe5
22. dxe5 d4 23. Bg5 Bxg2 24. exf6 Ba8 25. Rc4 Qb7 26. f3 Qd5 27. fxg7 Bxg7 28.
Bxd8 Qxc4 29. Bb6 e5 30. Qd3 Qxd3 31. exd3 Bxf3 32. Bxa5 Ra8 33. Bxb4 Rxa4 34.
Ba3 Bh6 35. Kf2 Bb7 36. Nb4 f5 37. Ke2 Kf7 38. Rf1 Ke6 39. Kd1 Ra8 40. Rf2 Rc8
41. Rc2 Rxc2 42. Nxc2 Ba6 43. Ke2 f4 44. gxf4 Bxf4 45. h3 Bb5 46. Bb4 Be8 47.
Bd2 Bh5+ 48. Ke1 Bg3+ 49. Kf1 Bg6 50. Ke2 Bf5 51. Bg5 Bxh3 52. Kf3 Bh2 53. b4
Kf5 54. Bh6 Bg4+ 55. Kf2 Bf4 56. Bxf4 Kxf4 57. b5 h5 58. Na3 h4 59. Kg2 Bf5 60.
b6 Bxd3 61. Kh3 Ba6 62. Kxh4 d3 63. Nc4 e4 64. Kh3 e3 65. Kg2 Bxc4 0-1

[Event "L. Polugaevsky Memorial 2012"]
[Site "Samara"]
[Date "2012.07.11"]
[Round "7.7"]
[White "Kopylov, Alexander A"]
[Black "Ovetchkin, Roman"]
[Result "1/2-1/2"]
[WhiteElo "2446"]
[BlackElo "2501"]
[PlyCount "155"]
[EventDate "2012.07.05"]

1. d4 e6 2. g3 c5 3. Nf3 cxd4 4. Nxd4 d5 5. Bg2 Nf6 6. O-O e5 7. Nb3 Nc6 8. Bg5
Be6 9. Nc3 d4 10. Ne4 Be7 11. Bxf6 gxf6 12. c3 dxc3 13. Nxc3 Qxd1 14. Rfxd1 Rd8
15. Nd5 Rd7 16. Rac1 Kf8 17. e3 Kg7 18. Nxe7 Rxe7 19. Nc5 Bg4 20. Rd6 Rd8 21.
Nxb7 Rxb7 22. Rxd8 Nxd8 23. Bxb7 Nxb7 24. Rc7 Bf3 25. g4 a6 26. h3 f5 27. Kh2
Kf6 28. Kg3 Bd5 29. f3 Nd6 30. b3 Ke6 31. gxf5+ Nxf5+ 32. Kf2 e4 33. fxe4 Bxe4
34. Ra7 Bd3 35. Kf3 Nd6 36. Kf4 h6 37. Ra8 f5 38. h4 Be2 39. Rb8 Kd5 40. Rg8 h5
41. Rg2 Bg4 42. Rd2+ Kc6 43. Ke5 Ne4 44. Rd8 Kc7 45. Ra8 Nd2 46. Rxa6 Nf3+ 47.
Kd5 Nxh4 48. Rh6 Nf3 49. b4 h4 50. b5 h3 51. a4 Nd2 52. a5 Bf3+ 53. Kc5 Ne4+
54. Kb4 Nd6 55. Rxh3 Be2 56. Rh7+ Kb8 57. Kc5 Nxb5 58. Kb6 Nd6 59. Rh8+ Nc8+
60. Kc6 Bd3 61. Rf8 Be2 62. Rd8 Ba6 63. Rd7 Be2 64. Rb7+ Ka8 65. Rf7 Kb8 66.
Rf8 Bd3 67. Rg8 Be2 68. Rh8 Bd3 69. Rg8 Be2 70. Rg7 Na7+ 71. Kc5 Bf3 72. Rf7
Be4 73. Rh7 Nc8 74. Rd7 Na7 75. Rg7 Nc8 76. a6 Na7 77. Rg8+ Kc7 78. Rg7+
1/2-1/2

[Event "L. Polugaevsky Memorial 2012"]
[Site "Samara"]
[Date "2012.07.11"]
[Round "7.10"]
[White "Smirnov, Alexey"]
[Black "Bocharov, Dmitry"]
[Result "1-0"]
[WhiteElo "2414"]
[BlackElo "2600"]
[PlyCount "83"]
[EventDate "2012.07.05"]

1. d4 d6 2. Nf3 g6 3. c4 Bg7 4. Nc3 c5 5. e3 Nf6 6. Be2 O-O 7. O-O e6 8. a3 Nc6
9. d5 exd5 10. cxd5 Ne7 11. e4 h6 12. Nd2 a6 13. a4 Rb8 14. f4 Re8 15. a5 Bd7
16. Nc4 Bb5 17. e5 dxe5 18. fxe5 Nfxd5 19. Nxb5 axb5 20. Nd6 Rf8 21. Nxb5 Nf5
22. Ra3 Nb4 23. Nd6 Nxd6 24. exd6 Nc6 25. Qd5 Kh7 26. Rxf7 Nd4 27. Bc4 Qh4 28.
Rg3 Nf5 29. Qxf5 Qd4+ 30. Be3 gxf5 31. Bxd4 Rxf7 32. Bxc5 Rff8 33. b4 Rbd8 34.
Re3 Rf6 35. Re7 Kg6 36. Rxb7 Bf8 37. Rb6 Bxd6 38. Rxd6 Rfxd6 39. Bxd6 Rxd6 40.
b5 Rd1+ 41. Kf2 Ra1 42. b6 1-0

[Event "L. Polugaevsky Memorial 2012"]
[Site "Samara"]
[Date "2012.07.11"]
[Round "7.11"]
[White "Geller, Jakov"]
[Black "Vokarev, Sergey"]
[Result "0-1"]
[WhiteElo "2555"]
[BlackElo "2437"]
[PlyCount "80"]
[EventDate "2012.07.05"]

1. d4 Nf6 2. c4 g6 3. g3 c6 4. Bg2 d5 5. Nf3 Bg7 6. O-O O-O 7. Nc3 dxc4 8. Ne5
Ng4 9. f4 Nxe5 10. dxe5 Qb6+ 11. Kh1 Na6 12. Na4 Qc7 13. Be3 Be6 14. Bg1 Rfd8
15. Qe1 f6 16. exf6 exf6 17. e4 Rd3 18. Rf3 Rd7 19. a3 Re8 20. h3 Bf8 21. g4 b5
22. Nc3 Bf7 23. Qh4 Qd8 24. g5 fxg5 25. fxg5 Nc5 26. Rf6 Nd3 27. Rxc6 Re5 28.
Rf1 Rxg5 29. Rcf6 Rh5 30. Qg4 Bg7 31. Ra6 Rg5 32. Qh4 Qe7 33. Bxa7 Rf5 34. Qxe7
Rxf1+ 35. Bxf1 Rxe7 36. Nxb5 Rxe4 37. Rd6 Nxb2 38. Bd4 Bxd4 39. Nxd4 c3 40. Kg2
Rxd4 0-1

[Event "L. Polugaevsky Memorial 2012"]
[Site "Samara"]
[Date "2012.07.11"]
[Round "7.13"]
[White "Gabrielian, Artur"]
[Black "Nugumanov, Bakhtiyar"]
[Result "1-0"]
[WhiteElo "2594"]
[BlackElo "2279"]
[PlyCount "120"]
[EventDate "2012.07.05"]

1. e4 e5 2. f4 exf4 3. Nf3 d5 4. exd5 Nf6 5. Bc4 Be7 6. d4 Nbd7 7. Bb3 O-O 8.
O-O a5 9. c4 Nb6 10. Nc3 a4 11. Nxa4 Rxa4 12. Bxa4 Nxc4 13. Bb3 Nb6 14. Bxf4
Nbxd5 15. Ne5 c6 16. Qf3 Be6 17. Bg3 Qb6 18. Bf2 Qd8 19. Rad1 Ne8 20. Rfe1 Nec7
21. Nd3 Bd6 22. Nc5 Qg5 23. Ne4 Qd8 24. Nxd6 Qxd6 25. Bc2 Qd7 26. h3 Nb5 27.
Re5 g6 28. a3 Nd6 29. Rde1 Nf5 30. Bxf5 Bxf5 31. Kh2 Be6 32. Bg3 Bf5 33. Qe2
Be6 34. Qd2 Bf5 35. Qh6 f6 36. R5e2 Bd3 37. Re6 Qg7 38. Qd2 Bf5 39. Re8 Bd7 40.
Rxf8+ Qxf8 41. Qa5 Qc8 42. Qc5 Kf7 43. a4 h5 44. b4 g5 45. Qd6 h4 46. Bf2 Kg6
47. b5 Bxh3 48. bxc6 bxc6 49. Qa3 Bg4 50. a5 Qf5 51. Kg1 h3 52. Qg3 Nf4 53. a6
Ne2+ 54. Rxe2 Bxe2 55. a7 Qb1+ 56. Kh2 hxg2 57. Bg1 Qb7 58. Qb8 Qh7+ 59. Kxg2
Bc4 60. Qe8+ Kf5 1-0

[Event "L. Polugaevsky Memorial 2012"]
[Site "Samara"]
[Date "2012.07.11"]
[Round "7.14"]
[White "Shomoev, Anton"]
[Black "Zhurikhin, Alexander"]
[Result "0-1"]
[WhiteElo "2582"]
[BlackElo "2240"]
[PlyCount "160"]
[EventDate "2012.07.05"]

1. d4 Nf6 2. c4 e6 3. Nc3 Bb4 4. Qc2 O-O 5. a3 Bxc3+ 6. Qxc3 d5 7. Bg5 dxc4 8.
Qxc4 b6 9. Rd1 Ba6 10. Qa4 Qd7 11. Qc2 Qc6 12. Rc1 Qxc2 13. Rxc2 Nbd7 14. f3 c5
15. dxc5 Nxc5 16. e4 Nd3+ 17. Bxd3 Bxd3 18. Rc3 Ba6 19. Ne2 Nd7 20. Kf2 Ne5 21.
Rd1 Rfc8 22. Bc1 Kf8 23. Rxc8+ Rxc8 24. Nc3 Ke7 25. a4 f6 26. f4 Nd3+ 27. Ke3
Nb4 28. Bd2 Nd3 29. Bc1 Nb4 30. Bd2 Nd3 31. b3 Rd8 32. Bc1 Nxc1 33. Rxc1 Rd3+
34. Kf2 Rd2+ 35. Kf3 Bb7 36. b4 a6 37. g3 Rxh2 38. Ke3 Rb2 39. b5 a5 40. e5
fxe5 41. fxe5 Rb4 42. Ne2 Bd5 43. Rc7+ Kf8 44. Nf4 Rxa4 45. Rc8+ Ke7 46. Rc7+
Kd8 47. Rxg7 Re4+ 48. Kd3 Rxe5 49. Rxh7 Rg5 50. Ne2 Ba2 51. Rh8+ Kd7 52. Nc3
Rxg3+ 53. Kd2 Bc4 54. Rh7+ Kd8 55. Rb7 Rd3+ 56. Kc2 Rd6 57. Kc1 Bd5 58. Rh7 Rd7
59. Rh6 Ke7 60. Kc2 Bc4 61. Rh4 Bd3+ 62. Kb3 e5 63. Rh6 Rd4 64. Ka3 Bc4 65. Rh5
Kd6 66. Rh7 Rd3 67. Kb2 Kc5 68. Rh5 Kb4 69. Ne4 Re3 70. Rh4 Rb3+ 71. Kc1 Kxb5
72. Rh5 Kb4 73. Rxe5 Re3 74. Re7 Bd3 75. Nf6 Rxe7 76. Nd5+ Kb3 77. Nxe7 a4 78.
Nc6 Kc3 79. Ne7 a3 80. Nd5+ Kb3 0-1

[Event "L. Polugaevsky Memorial 2012"]
[Site "Samara"]
[Date "2012.07.11"]
[Round "7.15"]
[White "Iliushkin, Evgeny"]
[Black "Dvoirys, Semen I"]
[Result "0-1"]
[WhiteElo "2264"]
[BlackElo "2580"]
[PlyCount "118"]
[EventDate "2012.07.05"]

1. d4 Nf6 2. c4 e6 3. Nf3 b6 4. e3 Bb7 5. Bd3 d5 6. Nbd2 c5 7. O-O Nc6 8. cxd5
Nxd5 9. Nb3 Be7 10. a3 cxd4 11. Nfxd4 Nxd4 12. Nxd4 O-O 13. Qe2 Bf6 14. Rd1 Rc8
15. Bd2 g6 16. Rac1 Nf4 17. exf4 Qxd4 18. Rxc8 Rxc8 19. Bc1 Qd5 20. f3 Qb3 21.
h3 Bd5 22. Kh2 Kg7 23. g4 Kg8 24. f5 exf5 25. gxf5 a5 26. fxg6 hxg6 27. Rg1 Bc4
28. Bxc4 Rxc4 29. Qe8+ Kg7 30. Qe3 Rc2+ 31. Rg2 Qc4 32. Rxc2 Qxc2+ 33. Qd2
Qxd2+ 34. Bxd2 Bxb2 35. a4 Kf6 36. Be3 Be5+ 37. Kg2 Bc7 38. Kf2 Ke5 39. Ke2 Kd5
40. Kd3 b5 41. axb5 Be5 42. b6 Kc6 43. f4 Bf6 44. f5 Bd8 45. fxg6 fxg6 46. Kc4
Bxb6 47. Bd2 Kd6 48. Kb5 Bd8 49. h4 Ke5 50. Be1 Kf4 51. Bd2+ Kg4 52. Be1 Kh3
53. Ka4 Bxh4 54. Bxa5 g5 55. Kb3 g4 56. Kc2 g3 57. Kd3 g2 58. Bb6 Kh2 59. Ke2
Kh1 0-1

[Event "L. Polugaevsky Memorial 2012"]
[Site "Samara"]
[Date "2012.07.11"]
[Round "7.16"]
[White "Korchmar, Vasiliy"]
[Black "Tukhaev, Adam"]
[Result "1/2-1/2"]
[WhiteElo "2236"]
[BlackElo "2546"]
[PlyCount "116"]
[EventDate "2012.07.05"]

1. e4 c5 2. Nf3 d6 3. d4 cxd4 4. Nxd4 Nf6 5. Nc3 a6 6. Be2 g6 7. Be3 Bg7 8. Qd2
Nbd7 9. f3 b5 10. a4 b4 11. Na2 a5 12. c3 bxc3 13. Nxc3 Bb7 14. Nb3 O-O 15. O-O
Ne5 16. Rfd1 Nc6 17. Rac1 Nb4 18. Nb5 d5 19. Nc7 Bc6 20. Nxa8 Bxa4 21. Nb6 Bxb3
22. e5 Bxd1 23. exf6 Bxf6 24. Rxd1 e6 25. Bf2 Qd6 26. Ra1 Nc6 27. Na4 Rb8 28.
Rc1 Rb4 29. Bc5 Bd4+ 30. Bxd4 Nxd4 31. Nc5 Qb6 32. Kh1 Nxe2 33. Qxe2 Rxb2 34.
Qd3 Qb4 35. h3 a4 36. Nxa4 Rb3 37. Qa6 Qf4 38. Qc8+ Kg7 39. Qc6 Ra3 40. Nb6 Ra6
41. Rb1 Qd4 42. Qb7 Ra1 43. Nd7 Rxb1+ 44. Qxb1 Qf4 45. Qb8 Qxb8 46. Nxb8 Kf6
47. Nc6 e5 48. Kg1 Ke6 49. Kf2 Kd6 50. Nd8 f6 51. Ke3 d4+ 52. Kd3 Kd5 53. Nb7
f5 54. Na5 e4+ 55. fxe4+ fxe4+ 56. Ke2 h5 57. Nb3 h4 58. Kd2 Ke5 1/2-1/2

[Event "L. Polugaevsky Memorial 2012"]
[Site "Samara"]
[Date "2012.07.11"]
[Round "7.17"]
[White "Shaposhnikov, Evgeny"]
[Black "Klyuev, Alexander S"]
[Result "1-0"]
[WhiteElo "2545"]
[BlackElo "2191"]
[PlyCount "59"]
[EventDate "2012.07.05"]

1. e4 c5 2. Nf3 d6 3. d4 cxd4 4. Nxd4 Nf6 5. f3 a6 6. c4 e6 7. Nc3 Be7 8. Be3
O-O 9. Be2 Qc7 10. O-O b6 11. Rc1 Bb7 12. Qd2 Nbd7 13. b4 Rac8 14. Rfd1 Rfd8
15. a3 Qb8 16. Kh1 Bf8 17. Bf1 Ne5 18. Na4 d5 19. exd5 exd5 20. Nxb6 Neg4 21.
fxg4 Nxg4 22. Bg1 Rd6 23. c5 Rh6 24. h3 Re8 25. Nd7 Qd8 26. Nxf8 Bc8 27. Re1
Rxe1 28. Rxe1 Kxf8 29. Qf4 Qh4 30. g3 1-0

[Event "L. Polugaevsky Memorial 2012"]
[Site "Samara"]
[Date "2012.07.11"]
[Round "7.18"]
[White "Fedoseev, Vladimir"]
[Black "Sviridova, Vlada"]
[Result "1-0"]
[WhiteElo "2506"]
[BlackElo "2115"]
[PlyCount "113"]
[EventDate "2012.07.05"]

1. e4 e6 2. d4 d5 3. Nd2 Nf6 4. Bd3 c5 5. e5 Nfd7 6. c3 Nc6 7. Ne2 cxd4 8. cxd4
f6 9. exf6 Nxf6 10. O-O Bd6 11. Nf3 Qc7 12. Nc3 a6 13. Bg5 O-O 14. Rc1 Bd7 15.
Re1 Rae8 16. a3 Qb8 17. Bb1 Re7 18. Qd3 Ref7 19. Bh4 g6 20. Bg3 Nh5 21. Ng5 Nf4
22. Bxf4 Bxf4 23. Nxf7 Bxc1 24. Rxc1 Rxf7 25. Ne2 e5 26. Ba2 e4 27. Qg3 Qxg3
28. hxg3 Ne7 29. Rc5 Bc6 30. Nc3 Rf5 31. g4 Rf8 32. Nxd5 Nxd5 33. Bxd5+ Bxd5
34. Rxd5 Rc8 35. Rc5 Rd8 36. Kf1 Rxd4 37. Rc8+ Kf7 38. Rc7+ Kf6 39. Rxb7 Rd2
40. b4 a5 41. g5+ Ke6 42. bxa5 Rd3 43. a6 Rxa3 44. a7 Kf5 45. Rxh7 Kxg5 46. Rf7
Kh6 47. Ke2 g5 48. Kd2 Kg6 49. Rb7 Kf5 50. Kc2 g4 51. Kb2 Ra6 52. Kc3 g3 53.
fxg3 Ra3+ 54. Kb4 Ra1 55. Rb5+ Kg4 56. Ra5 Rb1+ 57. Kc3 1-0

[Event "L. Polugaevsky Memorial 2012"]
[Site "Samara"]
[Date "2012.07.11"]
[Round "7.20"]
[White "Bochkarev, Alexey"]
[Black "Aseeva, Anastasia"]
[Result "1-0"]
[WhiteElo "2410"]
[BlackElo "2012"]
[PlyCount "73"]
[EventDate "2012.07.05"]

1. d4 Nf6 2. Nf3 e6 3. Bg5 d5 4. e3 Nbd7 5. Bd3 Be7 6. Nbd2 c5 7. c3 O-O 8. O-O
b6 9. Qb1 Bb7 10. Ne5 h6 11. Nxd7 Nxd7 12. Bf4 f5 13. h3 Nf6 14. Nf3 Ne4 15.
Qe1 a5 16. Qe2 Bd6 17. Ne5 c4 18. Bxe4 fxe4 19. f3 exf3 20. Rxf3 Bxe5 21. Bxe5
Rxf3 22. Qxf3 Bc6 23. Rf1 Ra7 24. Qg4 Be8 25. Qxe6+ Bf7 26. Qg4 g6 27. Rf6 Kh7
28. Qf4 Bg8 29. Qh4 Qe7 30. Qg4 Bf7 31. Rxb6 Ra8 32. Rf6 Rg8 33. Rc6 h5 34. Qf3
Be6 35. Rc7 Bd7 36. Qxd5 Rd8 37. Bf4 1-0

[Event "L. Polugaevsky Memorial 2012"]
[Site "Samara"]
[Date "2012.07.11"]
[Round "7.21"]
[White "Mirzoeva, Elmira"]
[Black "Rozhko, Dmitry"]
[Result "1/2-1/2"]
[WhiteElo "2251"]
[BlackElo "2406"]
[PlyCount "140"]
[EventDate "2012.07.05"]

1. d4 d5 2. Nf3 Nf6 3. c4 c6 4. Nc3 g6 5. cxd5 cxd5 6. Bf4 Nc6 7. h3 Ne4 8. e3
Nxc3 9. bxc3 Bg7 10. Bd3 O-O 11. O-O Na5 12. Nd2 Bd7 13. c4 dxc4 14. Nxc4 Bb5
15. Nxa5 Qxa5 16. Bxb5 Qxb5 17. Rb1 Qd7 18. Qb3 b6 19. a4 Rfc8 20. Qb5 Qc6 21.
Rb3 Qc2 22. Rfb1 Qd2 23. R3b2 Qc3 24. Rb3 Qd2 25. R3b2 Qc3 26. Ra2 Rc6 27. a5
Rac8 28. a6 Qc4 29. Qxc4 Rxc4 30. Rb5 Kf8 31. Rbb2 Rc1+ 32. Kh2 Ke8 33. Kg3
R1c3 34. f3 Kd7 35. Kf2 e6 36. Ke2 Bf8 37. Kd2 Ba3 38. Rb1 h5 39. g4 hxg4 40.
hxg4 Bc1+ 41. Ke2 f6 42. g5 e5 43. dxe5 fxe5 44. Bxe5 Rxe3+ 45. Kd1 Rxe5 46.
Rxc1 Rxc1+ 47. Kxc1 Rxg5 48. Rh2 Rh5 49. Rg2 Kc6 50. Rxg6+ Kb5 51. Kd2 Kxa6 52.
f4 Rh1 53. Ke2 Kb5 54. f5 Rh5 55. f6 Rf5 56. Ke3 Kc5 57. Ke4 Rf1 58. Ke5 a5 59.
Ke6 Re1+ 60. Kd7 Rd1+ 61. Ke7 Re1+ 62. Kd7 Rf1 63. Ke7 a4 64. f7 Rxf7+ 65. Kxf7
a3 66. Rg3 Kb4 67. Rg4+ Kb3 68. Rg3+ Ka4 69. Rg4+ Ka5 70. Rg3 Kb4 1/2-1/2

[Event "L. Polugaevsky Memorial 2012"]
[Site "Samara"]
[Date "2012.07.11"]
[Round "7.22"]
[White "Sazonova, Elena N"]
[Black "Dimukhametov, Artur"]
[Result "0-1"]
[WhiteElo "2159"]
[BlackElo "2355"]
[PlyCount "132"]
[EventDate "2012.07.05"]

1. e4 e6 2. Nf3 d5 3. Nc3 d4 4. Ne2 c5 5. c3 Nf6 6. cxd4 cxd4 7. Nexd4 Nxe4 8.
Qc2 Nf6 9. Bc4 Be7 10. O-O O-O 11. b3 Nbd7 12. Bb2 Nb6 13. Ne5 Nbd5 14. a3 Bd7
15. Rfe1 Rc8 16. Qd3 Nb6 17. Qf3 Nxc4 18. bxc4 Qc7 19. Rac1 Rfd8 20. Qh3 Be8
21. Nb3 Qd6 22. d4 b5 23. Nc5 Qb6 24. cxb5 Qxb5 25. Qc3 Nd5 26. Qc2 Qa5 27. Nc4
Qc7 28. Ne5 Qb8 29. Rb1 Qa8 30. Ned3 Bb5 31. Qb3 Bxd3 32. Nxd3 Bg5 33. Nc5 Bd2
34. Red1 Bh6 35. Qf3 Rb8 36. Bc3 Qc6 37. Ba5 Rdc8 38. Qe4 Qe8 39. g3 Rb5 40.
Rxb5 Qxb5 41. Be1 Qc4 42. Rb1 g6 43. Nd7 Bg7 44. Ne5 Qa6 45. Qf3 Bf6 46. Kg2
Kg7 47. h4 h5 48. Bd2 Qd6 49. Rb7 Rc7 50. Rxc7 Qxc7 51. Bf4 Qb6 52. Qe4 Qb3 53.
Qf3 Qa4 54. Qd3 Bxh4 55. Bd2 Bf6 56. Nf3 Be7 57. Bc1 Qc6 58. Qd2 Nf6 59. Bb2
Qd5 60. Qd3 Ng4 61. Kg1 Bf6 62. Qe2 Qa2 63. Qc2 Qd5 64. Qe2 Nh6 65. Kg2 Nf5 66.
Qd2 g5 0-1